000 00532nam a2200145Ia 4500
008 100122s9999 xx 000 0 und d
082 _b37847
_a920
100 _aदिवाणजी शकुंतला
245 _aमी प्रतिभाची आई लिहिते
260 _bप्रपंच प्रकाशन
_c1905
300 _a212
630 _aमी प्रतिभाची आई लिहिते
730 _aमी प्रतिभाची आई लिहिते
942 _cBOOK
999 _c420203
_d420200